[Event "Mistrzostwa Polski Juniorek Młodszych "]
[Site "Suwałki, Poland"]
[Date "2025.04.27"]
[Round "6.6"]
[White "Wawrzyniak, Aleksandra"]
[Black "Goralik, Zuzanna"]
[Result "0-1"]
[WhiteElo "1528"]
[BlackElo "1615"]
[PlyCount "99"]
[EventDate "2025.??.??"]

1. e4 e6 2. d3 d5 3. Nd2 c5 4. Ngf3 Nf6 5. g3 Be7 6. Bg2 O-O 7. O-O Nc6 8. Re1 Qc7 9. e5 Nd7 10. Qe2 b6 11. h4 Bb7 12. Nf1 Rae8 13. h5 f6 14. exf6 Bxf6 15. c3 e5 16. Bg5 Bxg5 17. Nxg5 Qd6 18. Ne3 Nd8 19. c4 h6 20. Nh3 d4 21. Bxb7 Nxb7 22. Nd5 Nf6 23. Nxf6+ Qxf6 24. Qe4 Nd6 25. Qg4 e4 26. dxe4 Nxc4 27. b3 Ne5 28. Qe2 Nf3+ 29. Kg2 Nxe1+ 30. Rxe1 Qe5 31. Nf4 Rf6 32. Ng6 Qc7 33. e5 Rfe6 34. f4 Qc6+ 35. Kf2 Rxg6 36. hxg6 Qxg6 37. Qc4+ Kf8 38. b4 Qc6 39. Rc1 Qe4 40. bxc5 Qe3+ 41. Kf1 d3 42. Re1 Qf3+ 43. Kg1 d2 44. Rb1 d1=Q+ 45. Rxd1 Qxd1+ 46. Kf2 Rc8 47. Qe6 Qd4+ 48. Kg2 Qxc5 49. Qf5+ Kg8 50. e6 0-1

[Event "Mistrzostwa Polski Juniorek Młodszych "]
[Site "Suwałki, Poland"]
[Date "2025.04.27"]
[Round "6.1"]
[White "Rzadkowska, Lila"]
[Black "Saliuk, Maryia"]
[Result "1-0"]
[WhiteElo "1896"]
[BlackElo "1633"]
[PlyCount "85"]
[EventDate "2025.??.??"]

1. c4 f5 2. d4 e6 3. Nc3 Nf6 4. Bg5 Bb4 5. e3 b6 6. Nf3 Bb7 7. Bd3 d6 8. O-O Bxc3 9. bxc3 O-O 10. Re1 Qe8 11. Bxf6 Rxf6 12. e4 Qh5 13. exf5 exf5 14. c5 dxc5 15. dxc5 Bxf3 16. Bc4+ Re6 17. Bxe6+ Kf8 18. Qd8+ Qe8 19. Qxe8+ Kxe8 20. gxf3 Kf8 21. cxb6 axb6 22. Bxf5 g6 23. Be4 Ra3 24. Rad1 Kg7 25. Rd8 Na6 26. Ra8 c6 27. Bxc6 Rxc3 28. Rxa6 Rxc6 29. Rb1 Kh6 30. Raxb6 Rc2 31. Ra1 Kh5 32. a4 Kh4 33. Kg2 h5 34. a5 g5 35. a6 g4 36. fxg4 Rc4 37. a7 Rxg4+ 38. Kf1 Kh3 39. a8=Q Kxh2 40. Qb8+ Kh3 41. Ra3+ Kh4 42. Qd8+ Rg5 43. Rb4# 1-0

[Event "Mistrzostwa Polski Juniorek Młodszych "]
[Site "Suwałki, Poland"]
[Date "2025.04.27"]
[Round "6.7"]
[White "Kolorz, Julia"]
[Black "Milek, Maja"]
[Result "1-0"]
[WhiteElo "1531"]
[BlackElo "1622"]
[PlyCount "121"]
[EventDate "2025.??.??"]

1. e4 c6 2. d4 d5 3. exd5 cxd5 4. c4 Nf6 5. Nc3 g6 6. Qb3 Bg7 7. cxd5 O-O 8. Nge2 Nbd7 9. g3 Nb6 10. Bg2 Bf5 11. O-O Bd3 12. d6 Bxe2 13. Nxe2 Qxd6 14. Bxb7 Rad8 15. Rd1 e5 16. Be3 Rfe8 17. dxe5 Qxe5 18. Rxd8 Rxd8 19. Bxb6 axb6 20. Nc3 Rb8 21. Bg2 Nd7 22. Rd1 Nc5 23. Qd5 Qxd5 24. Rxd5 Bxc3 25. bxc3 Rc8 26. Bf1 Ne4 27. c4 Nc3 28. Rd2 Ne4 29. Rb2 Rb8 30. a4 Nc5 31. a5 Na4 32. Rb4 Nc5 33. Rxb6 Ra8 34. Rb5 Ne6 35. Bg2 Rc8 36. Rb4 Nc5 37. Bd5 Rc7 38. Rb8+ Kg7 39. Ra8 Nd7 40. Kg2 Kf6 41. Ra6+ Ke7 42. f4 Nb8 43. Ra8 Nd7 44. Rh8 Nf6 45. Ra8 Kd6 46. Ra6+ Ke7 47. Rc6 Ra7 48. Rc5 Nxd5 49. Rxd5 Ke6 50. Kf3 f5 51. Ke3 Rb7 52. Rb5 Rc7 53. Rb6+ Kd7 54. Kd4 Ra7 55. a6 Ra8 56. Kd5 Kc7 57. Rb7+ Kc8 58. Rxh7 Rxa6 59. c5 Ra5 60. Kd6 Ra6+ 61. c6 1-0

[Event "Mistrzostwa Polski Juniorek Młodszych "]
[Site "Suwałki, Poland"]
[Date "2025.04.27"]
[Round "6.5"]
[White "Dabrowska, Eliza"]
[Black "Slusarczyk, Agnieszka"]
[Result "0-1"]
[WhiteElo "1522"]
[BlackElo "1730"]
[PlyCount "124"]
[EventDate "2025.??.??"]

1. d4 Nf6 2. c4 c6 3. Nf3 d5 4. e3 e6 5. Nc3 Nbd7 6. Bd3 dxc4 7. Bxc4 b5 8. Bd3 Bb7 9. O-O a6 10. Bd2 c5 11. Bc2 Be7 12. dxc5 Nxc5 13. Nd4 O-O 14. Rc1 Rc8 15. Nce2 Qd7 16. b4 Nce4 17. Bxe4 Nxe4 18. Rxc8 Rxc8 19. a3 e5 20. Nf3 Rd8 21. Nxe5 Qxd2 22. Qxd2 Nxd2 23. Rc1 Bf6 24. Nxf7 Kxf7 25. Rc7+ Kf8 26. Rxb7 Nc4 27. g3 Nxa3 28. Nf4 Rd6 29. Rb8+ Kf7 30. e4 Nc4 31. Rb7+ Be7 32. Nd5 Re6 33. f3 Nd6 34. Rc7 Ne8 35. Ra7 Nf6 36. Nc7 Rc6 37. Nxa6 Rc1+ 38. Kg2 Ra1 39. e5 Nd5 40. Ra8 Nxb4 41. Nc7 Rxa8 42. Nxa8 Bd8 43. f4 Ke6 44. Kf3 g6 45. Ke4 Kd7 46. g4 Kc6 47. f5 gxf5+ 48. gxf5 Nd5 49. e6 Nf6+ 50. Kd4 Be7 51. h4 Kb7 52. Kc3 Kxa8 53. Kb3 Kb7 54. Kc3 Kb6 55. Kb3 Ne4 56. Kb2 Kc5 57. Kc2 Kc4 58. Kb2 b4 59. Kc2 b3+ 60. Kb2 Kb4 61. Kc1 Kc3 62. Kb1 Nd2+ 0-1

[Event "Mistrzostwa Polski Juniorek Młodszych "]
[Site "Suwałki, Poland"]
[Date "2025.04.27"]
[Round "6.14"]
[White "Andrzejewska, Anna"]
[Black "Kasprzyszyn, Karolina"]
[Result "1-0"]
[WhiteElo "1505"]
[BlackElo "1561"]
[PlyCount "79"]
[EventDate "2025.??.??"]

1. e4 c5 2. Nf3 Nc6 3. d4 cxd4 4. Nxd4 e5 5. Nb3 Bb4+ 6. Nc3 Nf6 7. Bd3 d5 8. exd5 Nxd5 9. Bd2 Nxc3 10. Bxc3 Bxc3+ 11. bxc3 O-O 12. O-O Qc7 13. Qh5 f5 14. Rfe1 Bd7 15. Rab1 b6 16. Bc4+ Kh8 17. Bd5 Rf6 18. Qe2 Re8 19. Rbd1 Rh6 20. h3 f4 21. Nd2 Rf6 22. Qf3 Ne7 23. Bb3 Bc6 24. Qh5 Ng6 25. Ne4 Bxe4 26. Rxe4 Qxc3 27. Rc4 Qa5 28. Ra4 Qc5 29. Rxa7 Qf8 30. Rdd7 Rf5 31. Qf3 Ne7 32. Qb7 Rb8 33. Qc7 Rc8 34. Qxb6 Rb8 35. Qe6 Re8 36. Rxe7 Rxe7 37. Rxe7 f3 38. Re8 fxg2 39. Qg8+ Qxg8 40. Rxg8# 1-0

[Event "Mistrzostwa Polski Juniorek Młodszych "]
[Site "Suwałki, Poland"]
[Date "2025.04.27"]
[Round "6.22"]
[White "Gorecka, Laura"]
[Black "Bisek, Marlena"]
[Result "1/2-1/2"]
[WhiteElo "1473"]
[BlackElo "1483"]
[PlyCount "84"]
[EventDate "2025.??.??"]

1. c4 e6 2. Nf3 d5 3. b3 Nf6 4. Bb2 c5 5. e3 Bd6 6. Be2 Nc6 7. O-O O-O 8. d4 b6 9. dxc5 Bxc5 10. Nc3 dxc4 11. Bxc4 Bb7 12. a3 a5 13. Qc2 Ba6 14. Bxa6 Rxa6 15. Rfd1 Qc7 16. Nb5 Qe7 17. h3 Raa8 18. Ng5 g6 19. Qc3 e5 20. Nf3 Rfe8 21. Qc2 Rac8 22. Nc3 Rcd8 23. Ne4 Nxe4 24. Qxe4 Rxd1+ 25. Rxd1 Qe6 26. Qh4 f6 27. Nd2 Rd8 28. Qe4 Ne7 29. Qc2 Nf5 30. Ne4 Rxd1+ 31. Qxd1 Be7 32. Nc3 Nd6 33. Nd5 Bd8 34. b4 axb4 35. Nxb4 Nf7 36. e4 Be7 37. Nd5 Bc5 38. Qf3 Kg7 39. Nc7 Qd7 40. Nd5 Qe6 41. Qb3 Qd6 42. Qf3 Qe6 1/2-1/2

[Event "Mistrzostwa Polski Juniorek Młodszych "]
[Site "Suwałki, Poland"]
[Date "2025.04.27"]
[Round "6.17"]
[White "Kolosza, Luiza"]
[Black "Delikat, Zofia"]
[Result "0-1"]
[WhiteElo "1502"]
[BlackElo "1409"]
[PlyCount "76"]
[EventDate "2025.??.??"]

1. d4 c5 2. Nf3 cxd4 3. Qxd4 Nc6 4. Qd1 d6 5. Nc3 Nf6 6. Bg5 Qb6 7. Bxf6 gxf6 8. Qc1 Be6 9. e3 Bh6 10. Bd3 d5 11. Rb1 d4 12. Nd1 Bxa2 13. Ra1 Be6 14. c3 dxe3 15. Nxe3 Bxe3 16. fxe3 Rd8 17. Be2 Bg4 18. O-O Na5 19. Qc2 Qxe3+ 20. Kh1 Nc6 21. Rfe1 Qc5 22. h3 Bf5 23. Qb3 Qb6 24. Bb5 Bd7 25. Qc4 a6 26. Bxc6 Qxc6 27. Qe4 Qxe4 28. Rxe4 Bc6 29. Re3 Bxf3 30. Rxf3 Rd2 31. Rb1 Rg8 32. g4 Rg5 33. Re3 Rgd5 34. Rbe1 Rd7 35. b4 Rd1 36. Rxd1 Rxd1+ 37. Kg2 Rd5 38. Rf3 h5 0-1

[Event "Mistrzostwa Polski Juniorek Młodszych "]
[Site "Suwałki, Poland"]
[Date "2025.04.27"]
[Round "6.12"]
[White "Czekaj, Aleksandra"]
[Black "Biala, Julia"]
[Result "0-1"]
[WhiteElo "1507"]
[BlackElo "1604"]
[PlyCount "122"]
[EventDate "2025.??.??"]

1. e4 e6 2. d4 d5 3. Nc3 Bb4 4. e5 c5 5. a3 Bxc3+ 6. bxc3 Nc6 7. Nf3 cxd4 8. cxd4 Nge7 9. Bd3 O-O 10. c3 Bd7 11. O-O Rc8 12. Bd2 Be8 13. Qc2 h6 14. h3 f6 15. exf6 Rxf6 16. Nh2 Nxd4 17. Qb1 Ndf5 18. Ng4 Rf8 19. Qxb7 a5 20. Qb1 Bf7 21. Re1 Qd6 22. a4 Rb8 23. Qc1 Ng6 24. Qc2 Nfe7 25. Qc1 e5 26. Be3 Rfc8 27. Bd2 h5 28. Nh2 e4 29. Be2 h4 30. Rb1 d4 31. Rxb8 Qxb8 32. c4 d3 33. Bg4 Rxc4 34. Qa1 Rc2 35. Nf1 Qa8 36. Bd1 Ra2 37. Qc3 Qd5 38. Qxa5 Qxa5 39. Bxa5 Bd5 40. Bd2 Nc6 41. Kh2 Kh7 42. Kg1 Nd4 43. a5 Ne5 44. f3 Nc4 45. Bc3 Nb5 46. Bb4 exf3 47. gxf3 d2 48. Re7 Ra1 49. Bc2+ Kh6 50. Rd7 d1=Q 51. Bxd1 Rxd1 52. a6 Ne3 53. Bd2 Rxf1+ 54. Kh2 Rf2+ 55. Kg1 Rxd2 56. a7 Nxa7 57. Rxa7 Bxf3 58. Ra6+ Kh7 59. Ra3 Rg2+ 60. Kh1 Rg3+ 61. Kh2 Nf1# 0-1

[Event "Mistrzostwa Polski Juniorek Młodszych "]
[Site "Suwałki, Poland"]
[Date "2025.04.27"]
[Round "6.20"]
[White "Oberc, Patrycja"]
[Black "Wawrzyniak, Weronika"]
[Result "0-1"]
[WhiteElo "1556"]
[BlackElo "1479"]
[PlyCount "116"]
[EventDate "2025.??.??"]

1. e4 e5 2. Nf3 Nc6 3. Bc4 Nf6 4. Ng5 d5 5. exd5 Na5 6. Bb5+ c6 7. dxc6 bxc6 8. Qf3 Bb7 9. Ba4 h6 10. Ne4 Be7 11. Nxf6+ Bxf6 12. b4 O-O 13. Qg4 Bc8 14. Qe4 Nb7 15. Bxc6 Rb8 16. a3 Nd6 17. Qe3 Nf5 18. Qxa7 Be6 19. Bb2 Bd5 20. Qc5 Bxc6 21. Qxc6 Re8 22. O-O Nd4 23. Bxd4 exd4 24. c3 dxc3 25. dxc3 Qd3 26. Qf3 Qd6 27. Rd1 Rbd8 28. Nd2 Qe5 29. Ra2 Rxd2 30. Raa1 Rxd1+ 31. Qxd1 Qxc3 32. Rc1 Qxa3 33. Rb1 Bc3 34. g3 Bxb4 35. Kg2 Qa8+ 36. Qf3 Qxf3+ 37. Kxf3 Bc5 38. Rd1 Re6 39. Rd2 g5 40. Re2 Rxe2 41. Kxe2 f5 42. f4 Kg7 43. Kf3 Kg6 44. h3 Bd6 45. fxg5 hxg5 46. g4 f4 47. Ke4 Kf6 48. Kf3 Be5 49. Ke2 Ke6 50. Kd3 Kd5 51. Ke2 Ke4 52. Kf2 f3 53. Ke1 Ke3 54. Kf1 f2 55. h4 gxh4 56. g5 h3 57. g6 h2 58. g7 h1=Q# 0-1

[Event "Mistrzostwa Polski Juniorek Młodszych "]
[Site "Suwałki, Poland"]
[Date "2025.04.27"]
[Round "6.16"]
[White "Urban, Hanna"]
[Black "Orlowska, Aleksandra"]
[Result "0-1"]
[WhiteElo "1530"]
[BlackElo "1466"]
[PlyCount "130"]
[EventDate "2025.??.??"]

1. e4 c5 2. Nc3 d6 3. d3 Nf6 4. g3 Nc6 5. Bg2 e6 6. f4 Be7 7. Nf3 O-O 8. O-O Bd7 9. h3 Qb6 10. Kh2 a6 11. Rb1 Qc7 12. g4 Nd4 13. Be3 Nxf3+ 14. Bxf3 Bc6 15. Rg1 d5 16. g5 d4 17. gxf6 Bxf6 18. e5 Be7 19. Bxc6 bxc6 20. Qg4 g6 21. Ne4 dxe3 22. Rg2 Qd8 23. Qh5 Kh8 24. Qh6 Rg8 25. Rbg1 Bf8 26. Qg5 Qxg5 27. fxg5 Bg7 28. Nf6 Bxf6 29. exf6 Rab8 30. b3 Rb4 31. Re1 a5 32. a4 Rd4 33. Rxe3 Rd5 34. h4 Rf5 35. Rge2 Rd8 36. Kg3 h6 37. Kg4 hxg5 38. hxg5 Rdd5 39. Rh3+ Kg8 40. Reh2 Rxg5+ 41. Kf4 Rdf5+ 42. Ke4 Rh5 43. Rxh5 Rxh5 44. Rxh5 gxh5 45. Kf4 Kh7 46. Kg5 h4 47. Kxh4 Kg6 48. Kg4 Kxf6 49. Kf4 e5+ 50. Ke4 Kg5 51. Kf3 Kf5 52. c3 Kg5 53. Kg3 Kf5 54. Kf3 Ke6 55. c4 f5 56. Kg3 Kf6 57. Kh4 e4 58. dxe4 fxe4 59. Kg4 Ke5 60. Kg3 Kd4 61. Kf2 Kc3 62. Ke3 Kxb3 63. Kxe4 Kxa4 64. Kd3 Kb3 65. Kd2 Kb2 0-1

[Event "Mistrzostwa Polski Juniorek Młodszych "]
[Site "Suwałki, Poland"]
[Date "2025.04.27"]
[Round "6.4"]
[White "Klincewicz, Katarzyna"]
[Black "Kaminska, Zuzanna"]
[Result "0-1"]
[WhiteElo "1587"]
[BlackElo "1899"]
[PlyCount "60"]
[EventDate "2025.??.??"]

1. d4 Nf6 2. Nf3 e6 3. g3 b5 4. Bg2 Bb7 5. b3 Bb4+ 6. Bd2 Be7 7. c4 a6 8. O-O O-O 9. Re1 c5 10. e3 Qb6 11. Nc3 d5 12. Rb1 Nc6 13. Qe2 b4 14. dxc5 Qxc5 15. Na4 Qa5 16. Red1 Rfd8 17. Be1 Rac8 18. Rbc1 h6 19. a3 Ba8 20. axb4 Bxb4 21. Bxb4 Qxb4 22. cxd5 Nxd5 23. Qxa6 Qxb3 24. Nc5 Qb4 25. Nd3 Qb8 26. Rb1 Qd6 27. Nb4 Ncxb4 28. Qxd6 Rxd6 29. Rxb4 Nxb4 30. Rxd6 Rc1+ 0-1

[Event "Mistrzostwa Polski Juniorek Młodszych "]
[Site "Suwałki, Poland"]
[Date "2025.04.27"]
[Round "6.15"]
[White "Romanska, Rozalia"]
[Black "Staszczyszyn, Marta"]
[Result "0-1"]
[WhiteElo "1401"]
[BlackElo "1533"]
[PlyCount "112"]
[EventDate "2025.??.??"]

1. e4 c5 2. Nc3 a6 3. f4 b5 4. Nf3 Bb7 5. d3 e6 6. Be2 Be7 7. O-O d6 8. Qe1 Nf6 9. Qg3 O-O 10. Qh3 b4 11. Na4 Nc6 12. Ng5 Nd4 13. Bd1 h6 14. Nf3 Nxf3+ 15. Bxf3 Nd7 16. f5 exf5 17. exf5 Bxf3 18. Qxf3 Bf6 19. c3 Qa5 20. Qd1 bxc3 21. Nxc3 Bxc3 22. bxc3 Qxc3 23. Be3 Nf6 24. Rc1 Qe5 25. Qd2 Ng4 26. Bf4 Qd4+ 27. Kh1 Kh7 28. h3 Ne5 29. Bxe5 Qxe5 30. Rf3 Qf6 31. Rcf1 Rfe8 32. Qf4 Rab8 33. Qc4 Ra8 34. Rf4 a5 35. Re4 Rxe4 36. Qxe4 Rb8 37. Qe1 a4 38. Qa5 Rb4 39. a3 Rd4 40. Qd2 Rd5 41. Qc2 Rxf5 42. Rxf5 Qxf5 43. Qxa4 Qxd3 44. Qa7 c4 45. Qxf7 c3 46. Qf2 c2 47. Qe1 Qd1 48. Qxd1 cxd1=Q+ 49. Kh2 d5 50. a4 Qxa4 51. g3 d4 52. g4 d3 53. Kh1 d2 54. Kg1 d1=Q+ 55. Kh2 Qf4+ 56. Kg2 Qdf1# 0-1

[Event "Mistrzostwa Polski Juniorek Młodszych "]
[Site "Suwałki, Poland"]
[Date "2025.04.27"]
[Round "6.19"]
[White "Sokola, Julia"]
[Black "Babicz, Hanna"]
[Result "0-1"]
[WhiteElo "1525"]
[BlackElo "1560"]
[PlyCount "46"]
[EventDate "2025.??.??"]

1. e4 e5 2. Nf3 Nc6 3. Bb5 a6 4. Ba4 b5 5. Bb3 Nf6 6. O-O Bc5 7. c3 O-O 8. Re1 d6 9. d4 exd4 10. cxd4 Bb4 11. Nc3 Bg4 12. a3 Bxf3 13. Qxf3 Nxd4 14. Qd1 Nxb3 15. Qxb3 Bc5 16. Bg5 Bxf2+ 17. Kxf2 Ng4+ 18. Kg1 Qxg5 19. Ne2 Qc5+ 20. Kh1 Nf2+ 21. Kg1 Nh3+ 22. Kh1 Qg1+ 23. Rxg1 Nf2# 0-1

[Event "Mistrzostwa Polski Juniorek Młodszych "]
[Site "Suwałki, Poland"]
[Date "2025.04.27"]
[Round "6.2"]
[White "Samol, Zofia"]
[Black "Trzcinska, Weronika"]
[Result "1/2-1/2"]
[WhiteElo "1512"]
[BlackElo "1587"]
[PlyCount "74"]
[EventDate "2025.??.??"]

1. e4 e5 2. Nf3 Nc6 3. Bc4 Be7 4. d3 Nf6 5. O-O O-O 6. c3 d5 7. exd5 Nxd5 8. Re1 Bf6 9. Bb5 Nde7 10. Be3 a6 11. Ba4 Bf5 12. Bc2 Qd7 13. Qe2 Rad8 14. Rd1 Rfe8 15. Ng5 Bxg5 16. Bxg5 f6 17. Be3 Bg6 18. Qf1 Nd5 19. Bb3 Kh8 20. d4 Nxe3 21. fxe3 exd4 22. exd4 Na5 23. Nd2 Nxb3 24. Nxb3 Bc2 25. Nc5 Qd5 26. Re1 Be4 27. Nxe4 Rxe4 28. Rxe4 Qxe4 29. Re1 Qd5 30. Qf3 Qb5 31. Qe2 Qd7 32. Qe7 h6 33. Qb4 Qc6 34. Qe7 Qd7 35. Qb4 Qc6 36. Qe7 Qd7 37. Qb4 Re8 1/2-1/2

[Event "Mistrzostwa Polski Juniorek Młodszych "]
[Site "Suwałki, Poland"]
[Date "2025.04.27"]
[Round "6.13"]
[White "Dudek, Julia"]
[Black "Przygodzka, Emilia"]
[Result "0-1"]
[WhiteElo "1552"]
[BlackElo "1489"]
[PlyCount "160"]
[EventDate "2025.??.??"]

1. e4 e5 2. Nf3 Nc6 3. d4 exd4 4. Bc4 Nf6 5. e5 d5 6. Bb5 Ne4 7. Nxd4 Bd7 8. Bxc6 bxc6 9. O-O Be7 10. f3 Nc5 11. Be3 O-O 12. f4 f6 13. Nd2 fxe5 14. fxe5 Ne6 15. Nxe6 Bxe6 16. Nb3 Qe8 17. Qe2 Qg6 18. Bc5 Bg4 19. Qd2 Bxc5+ 20. Nxc5 Rae8 21. Rxf8+ Rxf8 22. Re1 Re8 23. Na6 Qh5 24. h3 Bc8 25. Nb4 Rxe5 26. Rxe5 Qxe5 27. Nxc6 Qe6 28. Nb4 Qb6+ 29. Kh1 Bb7 30. Nxd5 Qd6 31. c4 c6 32. Qf4 Qd7 33. Nc3 c5 34. Qe5 Qxh3+ 35. Qh2 Bxg2+ 36. Kg1 Qxh2+ 37. Kxh2 Bf1 38. b3 Bd3 39. Kg3 Kf7 40. Kf4 Ke6 41. Na4 Kd6 42. Nc3 Ke6 43. Na4 Kd6 44. Nc3 a6 45. Na4 h6 46. Nc3 g6 47. Nd5 g5+ 48. Kg4 Be2+ 49. Kg3 h5 50. Kf2 Bd1 51. Ne3 Bg4 52. Nxg4 hxg4 53. Kg3 Ke5 54. Kxg4 Kf6 55. Kg3 Kf5 56. Kf3 g4+ 57. Kg3 Kg5 58. Kg2 Kf4 59. Kf2 g3+ 60. Kg2 Kg4 61. b4 cxb4 62. c5 Kf5 63. Kxg3 a5 64. Kf3 a4 65. c6 Ke6 66. Ke3 b3 67. axb3 a3 68. b4 a2 69. b5 a1=Q 70. Kd3 Qa4 71. c7 Qxb5+ 72. Kd2 Kd7 73. c8=Q+ Kxc8 74. Kc3 Qa4 75. Kd3 Kd7 76. Kc3 Kd6 77. Kd3 Ke5 78. Ke3 Qb3+ 79. Ke2 Kf4 80. Kd2 Ke4 0-1

[Event "Mistrzostwa Polski Juniorek Młodszych "]
[Site "Suwałki, Poland"]
[Date "2025.04.27"]
[Round "6.18"]
[White "Wrzesinska, Amelia"]
[Black "Blaszkiewicz, Elzbieta"]
[Result "0-1"]
[WhiteElo "1619"]
[BlackElo "1538"]
[PlyCount "88"]
[EventDate "2025.??.??"]

1. e4 e5 2. Nf3 Nc6 3. Bc4 Nf6 4. d3 Be7 5. O-O O-O 6. c3 d5 7. exd5 Nxd5 8. Re1 Bg4 9. h3 Bh5 10. Bb3 Nf6 11. Bc2 Re8 12. Nbd2 Bd6 13. Nc4 h6 14. Ne3 Qd7 15. Nf1 Rad8 16. Ng3 Bg6 17. Ne4 Be7 18. Be3 Qd5 19. Bd2 Bh5 20. Kh1 Nxe4 21. Rxe4 Bg6 22. Re3 Bc5 23. Re2 Bxd3 24. Bxd3 Qxd3 25. b4 Bb6 26. a4 a6 27. a5 Ba7 28. Qe1 f6 29. Re4 Qd5 30. Rg4 e4 31. Nd4 Nxd4 32. cxd4 Bxd4 33. Rc1 f5 34. Rg3 Be5 35. Rg6 Qf7 36. Rg3 Bxg3 37. fxg3 Qd5 38. Be3 Qf7 39. Rc5 Rd3 40. Qc1 Red8 41. Kh2 c6 42. Qe1 R8d5 43. Rc2 Rb5 44. Rf2 Qc7 0-1

[Event "Mistrzostwa Polski Juniorek Młodszych "]
[Site "Suwałki, Poland"]
[Date "2025.04.27"]
[Round "6.21"]
[White "Jankiewicz, Lucja"]
[Black "Magalska, Marcelina"]
[Result "1-0"]
[WhiteElo "1513"]
[BlackElo "1458"]
[PlyCount "97"]
[EventDate "2025.??.??"]

1. e4 e5 2. Nf3 Nc6 3. Bc4 Nf6 4. d3 Bc5 5. c3 d5 6. exd5 Nxd5 7. Qb3 Nce7 8. Qb5+ c6 9. Qxc5 b6 10. Qa3 Qc7 11. O-O O-O 12. Re1 Ng6 13. Bxd5 cxd5 14. Qb3 Be6 15. d4 exd4 16. Nxd4 Qd6 17. Nd2 Nf4 18. N2f3 Nd3 19. Rd1 Nc5 20. Qc2 Ne4 21. Ng5 Nxg5 22. Bxg5 h6 23. Bh4 g5 24. Bg3 Qd7 25. Re1 Rae8 26. h3 g4 27. Nxe6 Rxe6 28. hxg4 Rxe1+ 29. Rxe1 Qxg4 30. Qd2 Qg6 31. Qxd5 Qc2 32. Bf4 Qg6 33. Qe4 f5 34. Qe6+ Qxe6 35. Rxe6 Kf7 36. Rxh6 Re8 37. Kf1 Kg7 38. Rh5 Kg6 39. Rg5+ Kf6 40. Rg3 Re4 41. Bg5+ Ke6 42. Re3 Rxe3 43. Bxe3 Ke5 44. Ke2 f4 45. Bd4+ Kf5 46. Kf3 Kg5 47. Be5 a6 48. Bxf4+ Kf6 49. Bc7 1-0

[Event "Mistrzostwa Polski Juniorek Młodszych "]
[Site "Suwałki, Poland"]
[Date "2025.04.27"]
[Round "6.8"]
[White "Dabkowska, Michalina"]
[Black "Gawerska, Karolina"]
[Result "0-1"]
[WhiteElo "1561"]
[BlackElo "1504"]
[PlyCount "62"]
[EventDate "2025.??.??"]

1. d4 Nf6 2. Bf4 d5 3. e3 g6 4. Nd2 Bg7 5. Ngf3 O-O 6. Bd3 e6 7. c3 a6 8. Qc2 Nbd7 9. Bg5 c5 10. e4 dxe4 11. Nxe4 cxd4 12. Nxd4 Qc7 13. Nxf6+ Nxf6 14. O-O-O b5 15. h4 h5 16. Be2 Bb7 17. Bf3 Rac8 18. Bxb7 Qxb7 19. f3 b4 20. c4 Rfe8 21. b3 Rc5 22. Qf2 Rec8 23. Qe2 Nd5 24. Rd2 Nc3 25. Qd3 Qd7 26. Be3 Rd8 27. Nc6 Qxd3 28. Rxd3 Rxd3 29. Bxc5 Bh6+ 30. Kc2 Rd2+ 31. Kc1 Rxa2+ 0-1

[Event "Mistrzostwa Polski Juniorek Młodszych "]
[Site "Suwałki, Poland"]
[Date "2025.04.27"]
[Round "6.11"]
[White "Halibozek, Zofia"]
[Black "Junak, Aleksandra"]
[Result "1/2-1/2"]
[WhiteElo "1608"]
[BlackElo "1507"]
[PlyCount "96"]
[EventDate "2025.??.??"]

1. e4 c5 2. Nf3 Nc6 3. d4 cxd4 4. Nxd4 e5 5. Nf3 Nf6 6. Nc3 Bb4 7. Bd3 Bxc3+ 8. bxc3 h6 9. O-O O-O 10. Re1 Re8 11. h3 d5 12. Bb2 dxe4 13. Bxe4 Qxd1 14. Raxd1 Nxe4 15. Rxe4 Bf5 16. Re2 Re6 17. Rd5 Rc8 18. a3 b6 19. Kf1 f6 20. Nh4 Bh7 21. Rd7 Re7 22. Rxe7 Nxe7 23. f4 Nc6 24. fxe5 Nxe5 25. Nf3 Nxf3 26. gxf3 Kf7 27. Kf2 Re8 28. Rd2 Bf5 29. h4 Re7 30. Kg3 Rd7 31. Re2 Rd1 32. c4 Rb1 33. Bc3 Rc1 34. Bb4 a5 35. Re7+ Kg6 36. Bd6 Rxc2 37. Bc7 Rxc4 38. Bxb6 Rc3 39. Bxa5 Rxa3 40. Bd2 Rd3 41. Bf4 Rd7 42. Rxd7 Bxd7 43. Bb8 Kf5 44. Bd6 h5 45. f4 g5 46. fxg5 fxg5 47. hxg5 Kxg5 48. Kh2 h4 1/2-1/2

[Event "Mistrzostwa Polski Juniorek Młodszych "]
[Site "Suwałki, Poland"]
[Date "2025.04.27"]
[Round "6.3"]
[White "Gruszecka, Alicja"]
[Black "Nguyen, Doan Bao Anh Angeli"]
[Result "0-1"]
[WhiteElo "1780"]
[BlackElo "1880"]
[PlyCount "160"]
[EventDate "2025.??.??"]

1. e4 c5 2. Nf3 Nc6 3. d4 cxd4 4. Nxd4 g6 5. c4 Bg7 6. Be3 Nf6 7. Nc3 d6 8. Be2 O-O 9. O-O Bd7 10. Re1 Nxd4 11. Bxd4 Bc6 12. f3 a5 13. Qd2 Nd7 14. Bxg7 Kxg7 15. Qd4+ Kg8 16. Kh1 Nc5 17. Red1 Qb6 18. Nd5 Bxd5 19. exd5 Rfc8 20. Rac1 Rc7 21. Rc2 Rac8 22. Rdc1 Nd7 23. Qxb6 Nxb6 24. Bd3 Nd7 25. Rc3 Ne5 26. Be2 Rc5 27. Kg1 Kg7 28. Kf2 Kf6 29. Ke3 Nd7 30. Kd4 Nb6 31. f4 h5 32. g3 Na4 33. Rb3 b5 34. Bd3 Nb6 35. Rbc3 b4 36. R3c2 Nd7 37. Re1 a4 38. Rce2 Re8 39. b3 axb3 40. axb3 Ra5 41. Rb2 Nc5 42. Ree2 Rea8 43. Re1 Ra2 44. Reb1 R8a3 45. Bc2 Ra1 46. Rxa1 Rxa1 47. Ke3 Rh1 48. Bb1 Rc1 49. Bc2 Re1+ 50. Kf3 Rf1+ 51. Ke3 Rh1 52. Bb1 e6 53. dxe6 fxe6 54. Kf3 Rc1 55. Bc2 g5 56. fxg5+ Kxg5 57. h4+ Kf6 58. g4 hxg4+ 59. Kxg4 Rg1+ 60. Kf4 e5+ 61. Ke3 Rh1 62. Bb1 Rh3+ 63. Kd2 Rxh4 64. Bc2 Rh2+ 65. Ke3 Rh3+ 66. Kd2 e4 67. Bd1 e3+ 68. Kc2 Rh2+ 69. Kb1 Rh1 70. Kc2 Rh2+ 71. Kb1 Rxb2+ 72. Kxb2 Ke5 73. Kc2 Kf4 74. Bh5 Kg3 75. Kd1 Kf2 76. Bg4 Nxb3 77. Be2 Nd4 78. Bd3 b3 79. c5 dxc5 80. Bc4 b2 0-1